| 000 | 00709nam a22001937a 4500 | ||
|---|---|---|---|
| 003 | OSt | ||
| 005 | 20240606103911.0 | ||
| 008 | 240606b ||||| |||| 00| 0 eng d | ||
| 040 | _cAIMIT LIBRARY | ||
| 100 |
_aSuraksha _e2016136 _9169506 |
||
| 245 |
_aStudy to evaluation the effectiveness of training and development program at vibgyor advisor advicorp pvt ltd / _cBy Suraksha ; Guided by Sumitha Achar. |
||
| 260 |
_aMumbai ; _c2022. |
||
| 650 |
_aIndustry profile company profile and introduction to study _9169507 |
||
| 650 |
_aProblem identification _9169508 |
||
| 650 |
_aData analysis _9169509 |
||
| 700 |
_aAchar, Sumitha. _eGuide _9169510 |
||
| 856 | _3Vibgyor Advicorp Pvt Ltd | ||
| 942 |
_2ddc _cPRO |
||
| 999 |
_c231053 _d231053 |
||